000 00217nam a2200097Ia 4500
005 20251222175817.0
008 251222s9999||||xx |||||||||||||| ||spa||
082 _aDVD0040/F57/1961
245 0 _aBarrabás:
942 _cDVD
999 _c40337
_d40337